000 00774nam a2200265 i 4500
001 000049167
003 DO-SdBNP
005 20240411202004.0
007 ta
008 190724s1989 dr 000 0 spa d
040 _aDO-SdBNP
_bspa
_cBNPHU
_erda
082 _a152.41
_bV732q
_222
100 _aVillegas Quintero, Efraín
_eautor
_92033
245 0 0 _aLo que hace el amor y el odio /
_cEfraín Villegas Quintero
264 _aSanto Domingo :
_bCorripio,
_c1989
300 _a192 paginas ;
_c21 cm.
336 _2rdacontent
_atexto
_btxt
337 _2rdamedia
_asin mediación
_bn
338 _2rdacarrier
_avolumen
_bnc
590 _aInventariado, 2023/DG
650 0 _aDerechos humanos
_9658
650 4 _aConducta (Etica)
_950376
910 _aDG
942 _2ddc
_cLBS1
999 _c54296
_d54296